| 000 | 01336naa a22003737a 4500 | ||
|---|---|---|---|
| 001 | BR9102252 | ||
| 003 | BR-BrBNA | ||
| 005 | 20240918180715.0 | ||
| 007 | ta | ||
| 008 | 230509b bl.||||| |||| 00| 0 por d | ||
| 040 |
_aBR-BrBNA _bpor _cBiblioteca Nacional de Agricultura |
||
| 041 | _a(Pt) | ||
| 072 |
_aF06; E12; E16 _b/G514 _bGZ12 |
||
| 090 | _aF06 BR9102252 | ||
| 100 | 1 | _aVallee, G.J.A. | |
| 100 | 1 | _aCerqueira, P.R.S. | |
| 100 | 1 | _aSilva, A. de S. | |
| 100 | 1 | _aLima, A.F. | |
| 100 | 1 | _aLopes, L.H. de O. | |
| 100 | 1 | _aVieira, V.J.S. | |
| 111 | 1 |
_a8. Congresso Nacional de Irrigacao e Drenagem _cFlorianopolis, SC (Brazil) _d9-15 Oct 1988 |
|
| 245 | 1 | _aA irrigacao de salvacao no tropico semi-arido brasileiro atraves de barreiro segmentado (um estudo de caso) | |
| 260 | 3 |
_aFlorianopolis, SC (Brasil): _c1988. |
|
| 500 | _aAnais do 8. Congresso Nacional de Irrigacao e Drenagem Florianopolis, SC (Brasil): 1988. v. 2 p. 875-899 (BR9102252-AM)F06 | ||
| 650 | _aIRRIGACAO | ||
| 650 | _aMAO-DE-OBRA | ||
| 650 | _aINVESTIMENTO | ||
| 650 | _aCUSTO | ||
| 650 | _aPERNAMBUCO | ||
| 650 | _aZONA SEMI-ARIDA | ||
| 773 | 0 |
_tAnais do 8. Congresso Nacional de Irrigacao e Drenagem _wF06 BR9102252 _gFlorianopolis, SC (Brasil), 1988. v. 2 p. 875-899 |
|
| 909 |
_a202404 _bLucia _c55 _dLucia Elande |
||
| 942 |
_cAM _2AGRIS |
||
| 999 |
_c321738 _d321738 |
||